British politics today : a students' guide /

Bibliographic Details
Main Author: Jones, Bill, 1946-
Other Authors: Kavanagh, Dennis
Format: Book
Language:English
Published: Manchester, UK ; Wolfeboro, NH : Manchester University Press, 1987.
Edition:3rd ed.
Series:Politics today (Manchester, England)
Subjects:

MARC

Tag First Indicator Second Indicator Subfields
LEADER 00000cam a2200000 a 4500
001 in00000030298
005 20151007060255.0
008 870331s1987 enka b 00010 eng
010 |a  87011009  
020 |a 0719024781 (pbk.) :  |c $7.75 
020 |a 0719024773 (hard) 
035 |a (OCoLC)15550562 
035 |9 AAC0464AM 
040 |a DLC  |c DLC  |d TXA  |d UtOrBLW 
043 |a e-uk--- 
049 |a TXAM  |c [A11090942] 
050 0 0 |a JN231  |b .J66 1987 
082 0 |a 320.941  |2 19 
100 1 |a Jones, Bill,  |d 1946- 
245 1 0 |a British politics today :  |b a students' guide /  |c by Bill Jones and Dennis Kavanagh. 
250 |a 3rd ed. 
264 1 |a Manchester, UK ;  |a Wolfeboro, NH :  |b Manchester University Press,  |c 1987. 
300 |a viii, 206 pages :  |b illustrations ;  |c 22 cm. 
336 |a text  |b txt  |2 rdacontent 
337 |a unmediated  |b n  |2 rdamedia 
338 |a volume  |b nc  |2 rdacarrier 
490 1 |a Politics today 
504 |a Includes bibliographies. 
651 0 |a Great Britain  |x Politics and government  |y 1964-1979. 
700 1 |a Kavanagh, Dennis. 
830 0 |a Politics today (Manchester, England) 
999 |a MARS 
999 f f |s 28da5fee-7017-34e9-b4e1-c44c228ff128  |i b0a6fcad-025a-3534-a341-3946d9db2359  |t 0 
952 f f |p ric  |a Texas A&M University  |b Rellis Campus  |c Joint Library Facility  |d Remote Storage  |t 0  |e JN231 .J66 1987  |h Library of Congress classification  |i unmediated -- volume  |m A14811090942 
998 f f |a JN231 .J66 1987  |t 0  |l Remote Storage